000 00534nam a22001937a 4500
005 20140811150932.0
010 _aENG-110359
020 _a9789350622520
_c395.00
035 _aEN-93891
037 _bDBAD/PUB
082 _a658
245 _aManagement cases /
_cby Khawaja Amjad Saeed
250 _a2nd ed
260 _aNew Delhi
_bExcel Books
_c2013
270 _aA-45, Naraina, Phase I
_bNew Delhi
_e110028
300 _axxiii,318p.
_c24cm(pbk)
700 _aKhawaja Amjad Saeed
942 _2ddc
_cEN
_mMAN
_h658
999 _c86356
_d86356